Business administration reading lists and course outlines

Αποθηκεύτηκε σε:
Λεπτομέρειες βιβλιογραφικής εγγραφής
Άλλοι συγγραφείς: Dean, James W., Jr., 1956- (Συντάκτης), Schwindt, Richard (Συντάκτης)
Μορφή: Βιβλίο
Γλώσσα:English
Δημοσίευση: Durham, N.C. : Eno River Press, 1985.
Θέματα:
Ετικέτες: Προσθήκη ετικέτας
Δεν υπάρχουν, Καταχωρήστε ετικέτα πρώτοι!

MARC

LEADER 00000cam a2200000 i 4500
001 1/1231
008 000821s1985 ncu| ||| |||| ||eng||
020 |a 0880241012   |q (τ. 1) 
020 |a 0880241020   |q (τ. 2) 
020 |a 0880241039   |q (τ. 3) 
020 |a 0880241047   |q (τ. 4) 
020 |a 0880241055   |q (τ. 5) 
020 |a 0880241063   |q (τ. 6) 
020 |a 0880241071   |q (τ. 7) 
020 |a 088024108X   |q (τ. 8) 
020 |a 0880241098   |q (τ. 9) 
020 |a 0880241101   |q (τ. 10) 
020 |a 0880241128   |q (τ. 12) 
035 |l 10014364 
035 |l 10063104 
035 |l 10014401 
035 |l 10014398 
035 |l 10014402 
035 |l 10014404 
035 |l 10014403 
035 |l 10014400 
035 |l 10014399 
035 |l 10014397 
040 |a GR-MyUa  |b gre  |e AACR2 
041 0 |a eng 
082 0 |a 332 
082 0 |a 650.071 
082 0 |a 657 
082 0 |a 658 
082 0 |a 331 
082 0 |a 332.15 
082 0 |a 338.88 
082 0 |a 380.1 
082 0 |a 302.35 
082 0 |a 658 
245 0 0 |a Business administration reading lists and course outlines /   |c compiled by Jean W. Dean and Richard Schwindt. 
260 |a Durham, N.C. :   |b Eno River Press,   |c 1985. 
300 |a 20 τ. ;   |c 21 εκ. 
505 8 |a Τ. 1. Financial theory, financial institutions & money markets -- τ. 2. Finance 2 : Corporate finance & investments -- τ. 3. International banking & finance -- τ. 4. International business -- τ. 5. Industrial relations -- τ. 6. Accounting -- τ. 7. Marketing -- τ. 9. Quantitative methods & computer applications in business -- τ. 10. Business policy and strategy -- τ. 12. Bargaining and dispute resolution curricula / compiled by Margaret A. Neale and Gregory B. Northcraft. 
650 0 |a Business  |x Bibliography. 
650 0 0 |a Business education  |x Curricula. 
650 0 0 |a Business mathematics  |x Study and teaching. 
650 0 0 |a Management  |x Study and teaching. 
650 0 0 |a Business education. 
650 0 0 |a Accounting. 
650 0 0 |a Management. 
650 0 0 |a Industrial relations. 
650 0 0 |a Banks and banking, International. 
650 0 0 |a International business enterprises. 
650 0 0 |a Marketing. 
650 0 0 |a Organizational behavior. 
700 1 |a Dean, James W.,   |c Jr.,   |d 1956-  |e com 
700 1 |a Schwindt, Richard,  |e com 
852 |a INST  |b LESVOS  |e 19950710  |h 302.35 ORG  |p 005100007799  |q 005100007799  |t BK  |v τ.8:  |y 0 
852 |a INST  |b LESVOS  |e 19950710  |h 331 IND  |p 005100007802  |q 005100007802  |t BK  |v τ.5:  |y 0 
852 |a INST  |b LESVOS  |e 19950707  |h 332 DEA  |p 005100007959  |q 005100007959  |t BK  |y 0  |z v.2 
852 |a INST  |b LESVOS  |e 19950707  |h 332 DEA  |p 005100007959  |q 005100007959  |t BK  |v τ.2:  |y 0  |z v.2 
852 |a INST  |b LESVOS  |e 19950707  |h 332 FIN  |p 005100007958  |q 005100007958  |t BK  |y 0  |z v.1 
852 |a INST  |b LESVOS  |e 19950707  |h 332 FIN  |p 005100007958  |q 005100007958  |t BK  |v τ.1:  |y 0  |z v.1 
852 |a INST  |b LESVOS  |e 19950710  |h 332.15 INT  |p 005100007846  |q 005100007846  |t BK  |v τ.3:  |y 0 
852 |a INST  |b LESVOS  |e 19950710  |h 338.88 INT  |p 005100007845  |q 005100007845  |t BK  |v τ.4:  |y 0 
852 |a INST  |b LESVOS  |e 19950710  |h 380.1 MAR  |p 005100007800  |q 005100007800  |t BK  |v τ.7:  |y 0 
852 |a INST  |b LESVOS  |e 20000821  |h 650.071 URB  |p 005100023246  |q 005100023246  |t BK  |v τ.9:  |y 0 
852 |a INST  |b LESVOS  |e 19950710  |h 657 ACC  |p 005100007801  |q 005100007801  |t BK  |v τ.6:  |y 0 
852 |a INST  |b LESVOS  |e 19950710  |h 658 BAR  |p 005100007797  |q 005100007797  |t BK  |v τ.12:  |y 0 
852 |a INST  |b LESVOS  |e 19950710  |h 658 BUS  |p 005100007798  |q 005100007798  |t BK  |v τ.10:  |y 0 
853 |a INST  |b LESVOS  |h 332 DEA 
853 |a INST  |b LESVOS  |h 332 FIN 
901 |a BIBL1-2000-2 
922 |a 1ΕΛΗ  |b 198702  |c ΠΠ/825/7  |d GLORY 
922 |a 1ΕΛΗ  |b 198702  |c ΠΠ/825/6  |d GLORY 
922 |a 1ΕΛΗ  |b 198702  |c ΠΠ/825/11  |d GLORY 
922 |a 1ΕΛΗ  |b 198702  |c ΠΠ/825/17  |d GLORY 
922 |a 1ΕΛΗ  |b 198702  |c ΠΠ/825/10  |d GLORY 
922 |a 1ΕΛΗ  |b 198702  |c ΠΠ/825/8  |d GLORY 
922 |a 1ΕΛΗ  |b 198702  |c ΠΠ/825/9  |d GLORY 
922 |a 1ΕΛΗ  |b 198702  |c ΠΠ/825/12  |d GLORY 
922 |a 1ΕΛΗ  |b 198702  |c ΠΠ/825/13  |d GLORY 
922 |a 1ΕΛΗ  |b 198702  |c ΠΠ/825/17  |d GLORY 
970 |z 2000/08/ELIDOC 
970 |z 2000/06/ΟΙΚΟΝΟΜΟΠΟΥΛΟΥ ΧΡΙΣΤΙΝΑ